Statistics for States, Provinces and Territories of Canada, the USA and Mexico

Click here to take the quiz!

General Stats

  • This quiz has been taken 587 times
  • The average score is 67 of 94

Answer Stats

Answer% Correct
Alberta
88%
Quebec
88%
Alabama
87%
California
87%
New York
86%
Alaska
85%
Arizona
85%
Maine
85%
Ontario
85%
Texas
85%
Washington
85%
Colorado
84%
Florida
84%
Montana
84%
Newfoundland and Labrador
84%
New Mexico
84%
North Dakota
84%
South Dakota
84%
Georgia
83%
Hawaii
83%
New Jersey
83%
North Carolina
83%
Ohio
83%
Oregon
83%
South Carolina
83%
Wyoming
83%
Yukon
83%
Arkansas
82%
British Columbia
82%
Delaware
82%
Indiana
82%
Kentucky
82%
Minnesota
82%
Nevada
82%
New Hampshire
82%
Oklahoma
82%
Pennsylvania
82%
Rhode Island
82%
Utah
82%
Vermont
82%
Virginia
82%
West Virginia
82%
Connecticut
81%
Idaho
81%
Illinois
81%
Iowa
81%
Kansas
81%
Louisiana
81%
Michigan
81%
Mississippi
81%
Tennessee
81%
Wisconsin
81%
Maryland
80%
Massachusetts
80%
Missouri
80%
Manitoba
78%
Nebraska
78%
Northwest Territories
77%
Nova Scotia
77%
Nunavut
77%
Prince Edward Island
77%
Saskatchewan
76%
New Brunswick
72%
México
70%
Baja California
68%
Chihuahua
65%
Yucatán
61%
Baja California Sur
58%
Sonora
56%
Jalisco
50%
Oaxaca
50%
Sinaloa
50%
Veracruz
50%
Chiapas
49%
Nuevo León
49%
Quintana Roo
49%
Puebla
48%
Durango
47%
Tabasco
46%
Aguascalientes
44%
Coahuila
44%
Zacatecas
44%
Guerrero
43%
Hidalgo
43%
Colima
42%
Michoacán
42%
Tamaulipas
42%
San Luis Potosí
41%
Campeche
40%
Nayarit
40%
Tlaxcala
40%
Guanajuato
39%
Morelos
39%
Querétaro
39%

Score Distribution

Percentile by Number Answered

Percent of People with Each Score

Your Score History

You have not taken this quiz